01580cam a2200241Ii 4500020001500000020001800015040001000033082002600043245008600069250001800155260004500173300004500218500005200263520084400315650002801159650002501187650002501212650001401237700002001251700002901271700001701300700002101317 a0199677859 a9780199677856 cNLGGC04a333 OXF 2004 C140 Or.00aEnvironment and development economics :bessays in honor of Sir Partha Dasgupta / aFirst edition aOxford :bOxford University Press,c2014 axvi, 411 pages :billustrations ;c24 cm aCovertitle: Environment & development economics aThis book honours Partha Dasgupta, and the field he helped establish; environment and development economics. It concerns the relationship between social systems (to include families, local communities, national economies, and the world as a whole) and natural systems (critical ecosystems, forests, water resources, mineral deposits, pollution, fisheries, and the Earth's climate). Above all, it concerns the poverty-environment nexus: the complex pathways by which people become or remain poor, and resources become or remain overexploited. With contributions by some of the world's leading economists, including five recipients of the Nobel Prize in Economics, in addition to scholars based in developing countries, this volume offers a unique perspective on the environmental issues that matter most to developing countries. Book jacket 0aEnvironmental economics 0aEconomic development 0aEnvironmental policy 0aEconomics1 aBarrett, Scott.1 aM©Þler, Karl-G©œran.1 aMaskin, Eric1 aDasgupta, Partha